000 00689nam a2200217 u 4500
005 20230316063600.0
008 120613s2007 r 000 0 eng d
020 _a9788420470757
035 _aUPN01000185059
049 _aI
050 4 _aPZ7
_bA4.32
100 1 _aAhlberg, Allan,
_d1938-
_928683
245 1 3 _aEl gato que desapareció misteriosamente /
_cAllan Ahlberg ; il. de Katharine McEwen ; tr. Carlos Abio.
260 _aMadrid :
_bAlfaguara,
_c2007.
300 _a79 p. :
_bil. col.
440 0 _aAlfaguara infantil
534 _pTítulo original:
_tThe cat who got carried away
650 4 _aCuentos infantiles ingleses
_910002
905 _aInfantil
999 _c157162
_d157162